000 00297nam a22001337a 4500
008 170920b xxu||||| |||| 00| 0 eng d
020 _a043144040006
041 _aeng
080 _a7
100 _a45
101 _aART
245 _aCOLUMBUS AND THE AGE OF DISCOVERY
_cNER,Z.D
942 _2udc
_cBK
999 _c28492
_d28492